00594nam a22001337a 4500999001500000008004100015100003200056245012300088260005500211300003700266650005200303942001500355952009000370 c7038d7038200415b ||||| |||| 00| 0 eng d aUnited Republic of Tanzania aNational Sample Census of Agriculture 2002/2003bSmall Holder AgriculturecThe United of Republic of TanzaniahEnglish aDar Es SalaambNational Bureau of Statisticsc2006 axviii, 354p.bIllustrationc30cm 2National Sample Census of Agriculture 2002/2003 2ddccBOOKS 00102ddc4070a3000b3000d2020-04-15l0p1000002823r2020-04-15w2020-04-15yBOOKS